[Event "CAN-op"]
[Site "Windsor CAN"]
[Date "2016.07.17"]
[Round "9.9"]
[White "Plotkin, Mark"]
[Black "Hua, Eugene"]
[Result "1-0"]
[WhiteElo "2228"]
[BlackElo "2049"]
[PlyCount "120"]
[EventDate "2016.07.10"]
[EventType "swiss"]
[EventRounds "9"]
[EventCountry "CAN"]

1. e4 c5 2. Nf3 e6 3. c3 Nf6 4. e5 Nd5 5. d4 cxd4 6. cxd4 d6 7. Bd3 dxe5 8.
Nxe5 Nc6 9. Nxc6 bxc6 10. O-O Be7 11. Nc3 Nxc3 12. bxc3 c5 13. dxc5 Bxc5 14.
Qf3 Bd7 15. Bf4 Rc8 16. Rad1 Qa5 17. Bxh7 Bc6 18. Qd3 Rd8 19. Qb1 Rxd1 20. Rxd1
Qb6 21. Qxb6 axb6 22. Bc2 Ke7 23. Bb3 Ra8 24. Be5 f6 25. Bd4 Ba4 26. h4 Bxb3
27. axb3 Ra3 28. Bxc5+ bxc5 29. Rb1 Kd6 30. c4 Ke5 31. b4 cxb4 32. Rxb4 Ra7 33.
Kh2 Kd4 34. Rb6 Kxc4 35. Rxe6 Kd5 36. Re8 Kd6 37. Kh3 Kd7 38. Re3 Kd6 39. Kg4
Ra2 40. Kg3 Ra4 41. f3 f5 42. Re8 Rb4 43. h5 Rb2 44. Kh3 Rb1 45. Kh4 Rb2 46. g4
Rb3 47. f4 fxg4 48. Kxg4 Rb1 49. Re5 Rg1+ 50. Kf5 Rg2 51. Re6+ Kd5 52. Rg6 Rh2
53. Rg5 Kd4 54. Kg6 Ke4 55. f5 Kf4 56. Rg1 Ke5 57. Re1+ Kf4 58. Rf1+ Ke5 59.
Kxg7 Rg2+ 60. Kf7 Rh2 1-0

[Event "Toronto Closed"]
[Site "Toronto CAN"]
[Date "2016.04.04"]
[Round "1"]
[White "Southam, David"]
[Black "Plotkin, Mark"]
[Result "1-0"]
[WhiteElo "2148"]
[BlackElo "2293"]
[PlyCount "111"]
[EventDate "2016.04.04"]
[EventType "tourn"]
[EventRounds "7"]
[EventCountry "CAN"]

1. d4 e6 2. Nf3 c5 3. e3 Nf6 4. Bd3 b6 5. O-O Bb7 6. Nbd2 d6 7. b3 Nbd7 8. Bb2
Be7 9. Re1 O-O 10. Qe2 a6 11. c4 Re8 12. Rad1 Qc7 13. e4 cxd4 14. Bxd4 Ne5 15.
Bb1 Nfd7 16. Rc1 Bc6 17. Bb2 Qb7 18. Nd4 Rac8 19. Nxc6 Qxc6 20. f4 Ng6 21. g3
Nc5 22. Nf3 e5 23. f5 Nf8 24. g4 Qb7 25. Bd3 Nfd7 26. g5 Bd8 27. Rc2 Nb8 28. b4
Na4 29. Ba1 f6 30. h4 Re7 31. Rec1 Rec7 32. a3 Qc6 33. Qg2 Qe8 34. Nh2 Nc6 35.
g6 h6 36. Ng4 Be7 37. Ne3 Bd8 38. Nd5 Ra7 39. Qf2 Ne7 40. Ne3 Rac7 41. Qe2 Rb7
42. c5 dxc5 43. Bxa6 Qc6 44. Bxb7 Qxb7 45. Qc4+ Kh8 46. b5 Qa8 47. Rd1 Ng8 48.
Rcd2 Be7 49. Rd7 Bf8 50. Nd5 Qa5 51. Nc7 h5 52. Ne6 Nh6 53. Nxf8 Rxf8 54. Rd8
Rg8 55. Rxg8+ Nxg8 56. Qxg8+ 1-0

[Event "Toronto Closed"]
[Site "Toronto CAN"]
[Date "2016.04.11"]
[Round "2"]
[White "Plotkin, Mark"]
[Black "Plotkin, Victor"]
[Result "0-1"]
[WhiteElo "2293"]
[BlackElo "2417"]
[PlyCount "58"]
[EventDate "2016.04.04"]
[EventType "tourn"]
[EventRounds "7"]
[EventCountry "CAN"]

1. d4 Nf6 2. g4 d5 3. g5 Ne4 4. Be3 Bf5 5. f3 Nd6 6. Nd2 Nc6 7. c3 e5 8. dxe5
Nxe5 9. Qa4+ Qd7 10. Qxd7+ Bxd7 11. Bd4 Nc6 12. Bc5 O-O-O 13. f4 Nf5 14. Bxf8
Rhxf8 15. Ngf3 Ne3 16. Kf2 Rde8 17. h4 f6 18. Bh3 Bxh3 19. Rxh3 fxg5 20. hxg5
Rxf4 21. Rxh7 Rf7 22. Rah1 Rfe7 23. Nb3 Nc4 24. Nbd4 Nxd4 25. Nxd4 c5 26. b3
Nd6 27. Nf3 Rxe2+ 28. Kg3 Ne4+ 29. Kf4 Rf8+ 0-1

[Event "Toronto Closed"]
[Site "Toronto CAN"]
[Date "2016.04.18"]
[Round "3"]
[White "Barron, Michael"]
[Black "Plotkin, Mark"]
[Result "0-1"]
[WhiteElo "2342"]
[BlackElo "2293"]
[PlyCount "100"]
[EventDate "2016.04.04"]
[EventType "tourn"]
[EventRounds "7"]
[EventCountry "CAN"]

1. e4 Nc6 2. d4 e6 3. Nf3 d5 4. Nbd2 Nf6 5. e5 Nd7 6. Bb5 f6 7. exf6 Qxf6 8.
Nf1 a6 9. Be2 e5 10. dxe5 Ndxe5 11. Qxd5 Be6 12. Qe4 O-O-O 13. Ne3 Bb4+ 14. c3
Nxf3+ 15. Bxf3 Bxc3+ 16. bxc3 Qxc3+ 17. Kf1 Rhe8 18. Rb1 Bxa2 19. Bb2 Qb3 20.
Qxh7 Rd2 21. Qf5+ Kb8 22. Re1 Rxb2 23. Bxc6 Qc4+ 24. Kg1 Qxc6 25. h4 Qd6 26.
Rf1 Rf8 27. Qg5 Qd2 28. Qg3 a5 29. h5 Be6 30. Rh4 Qc3 31. Rf4 Rxf4 32. Qxf4 Rb4
33. Qf8+ Ka7 34. Qe7 Rb6 35. Rd1 a4 36. Qe8 a3 37. Rd8 Rb1+ 38. Kh2 Qe5+ 39. g3
Qe4 40. Ng2 a2 41. Ra8+ Kb6 42. Rxa2 Qg4 43. Ra6+ Kxa6 44. Nf4 Bd7 45. Qe4 Qf5
46. Qc4+ Bb5 47. Qa2+ Kb6 48. Nd5+ Kc5 49. Nf4 Bc6 50. Qa5+ Kd6 0-1

[Event "Toronto Closed"]
[Site "Toronto CAN"]
[Date "2016.04.25"]
[Round "4"]
[White "Plotkin, Mark"]
[Black "Bellissimo, Joseph"]
[Result "1-0"]
[WhiteElo "2293"]
[BlackElo "2250"]
[PlyCount "91"]
[EventDate "2016.04.04"]
[EventType "tourn"]
[EventRounds "7"]
[EventCountry "CAN"]

1. e4 e6 2. d4 d5 3. Nc3 Nf6 4. e5 Nfd7 5. f4 c5 6. Nf3 Nc6 7. Be3 a6 8. Qd2 b5
9. a3 Qb6 10. dxc5 Bxc5 11. Bxc5 Nxc5 12. b4 Ne4 13. Nxe4 dxe4 14. Ng5 e3 15.
Qd6 Bb7 16. Nxe6 fxe6 17. Qxe6+ Kf8 18. O-O-O Rd8 19. Be2 Qc7 20. Qf5+ Qf7 21.
Rxd8+ Nxd8 22. Qd3 Ne6 23. Qd6+ Qe7 24. Qb8+ Nd8 25. e6 g6 26. Rd1 Ke8 27. Qe5
Rf8 28. Rd7 Qf6 29. e7 Kxd7 30. e8=Q+ Rxe8 31. Qxf6 Ne6 32. Bg4 Bd5 33. Qe5 Kc6
34. Qxe3 Nc7 35. Qc5+ Kb7 36. Bf3 Bxf3 37. gxf3 Re2 38. h4 Ne6 39. Qe7+ Kc6 40.
Qxh7 Nxf4 41. Qh6 Ne6 42. Qxg6 Kd5 43. Qd3+ Nd4 44. c3 Re1+ 45. Kd2 Re2+ 46.
Kd1 1-0

[Event "Hart House Holidays op"]
[Site "Toronto CAN"]
[Date "2015.12.19"]
[Round "2"]
[White "Vavrak, Peter"]
[Black "Plotkin, Mark"]
[Result "0-1"]
[WhiteElo "2520"]
[BlackElo "2268"]
[PlyCount "72"]
[EventDate "2015.12.18"]
[EventType "swiss"]
[EventRounds "5"]
[EventCountry "CAN"]

1. d4 d6 2. Nf3 Nf6 3. c4 Nbd7 4. g3 c5 5. Bg2 g6 6. O-O Bg7 7. Nc3 O-O 8. b3
Rb8 9. Bb2 Qa5 10. e3 a6 11. a4 Qc7 12. h3 b6 13. Re1 Bb7 14. e4 Rfd8 15. Qe2
cxd4 16. Nxd4 e6 17. Rad1 Rbc8 18. f4 Nc5 19. Qc2 Qb8 20. b4 Ncd7 21. Qe2 Nh5
22. Qd3 Qc7 23. Bf1 Ne5 24. fxe5 dxe5 25. Nxe6 fxe6 26. Qe3 Rd4 27. Kh2 Rcd8
28. Qf3 Nf6 29. Nb1 Rxe4 30. Rxe4 Nxe4 31. Rxd8+ Qxd8 32. Qg4 Ng5 33. h4 Nf3+
34. Kh3 Qd1 35. Qxe6+ Kf8 36. Bg2 Ng5+ 0-1

[Event "Hart House Holidays op"]
[Site "Toronto CAN"]
[Date "2015.12.19"]
[Round "3"]
[White "Plotkin, Mark"]
[Black "Noritsyn, Nikolay"]
[Result "0-1"]
[WhiteElo "2268"]
[BlackElo "2578"]
[PlyCount "62"]
[EventDate "2015.12.18"]
[EventType "swiss"]
[EventRounds "5"]
[EventCountry "CAN"]

1. d4 Nf6 2. Nf3 g6 3. Bg5 Bg7 4. Nbd2 O-O 5. e3 d6 6. Be2 Nc6 7. O-O h6 8. Bh4
Qe8 9. c3 e5 10. h3 Nh7 11. Ne1 f5 12. Nc2 Kh8 13. Re1 g5 14. Bg3 Nf6 15. Bh2
Qg6 16. f4 exf4 17. exf4 g4 18. Kh1 Bd7 19. Ne3 Rae8 20. Bd3 gxh3 21. gxh3 Ne4
22. Bg1 Ne7 23. Ng2 Nd5 24. Nf1 Bc6 25. Kh2 Bf6 26. Bxe4 fxe4 27. Qg4 Qf7 28.
Ng3 Rg8 29. Qh5 Qg7 30. Kh1 e3 31. Rf1 e2 0-1

[Event "Hart House Holidays op"]
[Site "Toronto CAN"]
[Date "2015.12.20"]
[Round "4"]
[White "Zhang, Yuanchen"]
[Black "Plotkin, Mark"]
[Result "1-0"]
[WhiteElo "2296"]
[BlackElo "2268"]
[PlyCount "123"]
[EventDate "2015.12.18"]
[EventType "swiss"]
[EventRounds "5"]
[EventCountry "CAN"]

1. d4 Nf6 2. c4 d6 3. Nc3 e5 4. Nf3 Nbd7 5. e4 g6 6. Be2 Bg7 7. O-O O-O 8. dxe5
Nxe5 9. Nxe5 dxe5 10. Qxd8 Rxd8 11. Bg5 c6 12. Rfd1 Be6 13. f3 Re8 14. a3 Nd7
15. Nd5 cxd5 16. cxd5 Nc5 17. dxe6 Nxe6 18. Be3 Nd4 19. Bd3 Nb3 20. Rab1 Bf8
21. Bc4 Nd4 22. Rbc1 Rac8 23. Kf1 Bc5 24. b4 Bb6 25. Bd5 Rb8 26. a4 Ne6 27. Kf2
Bxe3+ 28. Kxe3 Re7 29. Bxe6 fxe6 30. Rc5 b6 31. Rxe5 Kf7 32. a5 Kf6 33. Rb5 Rc7
34. axb6 Rxb6 35. Rxb6 axb6 36. Rd6 b5 37. Rb6 Rc2 38. g4 Rxh2 39. Rxb5 Rb2 40.
g5+ Ke7 41. Rb7+ Kd6 42. Rxh7 Rxb4 43. Rg7 e5 44. Rxg6+ Ke7 45. Rg7+ Ke6 46.
Kf2 Rb8 47. Kg3 Rb1 48. Rg6+ Ke7 49. Kg4 Rg1+ 50. Kf5 Rg3 51. Re6+ Kf7 52. Rf6+
Ke7 53. Kg6 Rg1 54. Rf5 Ke6 55. Kg7 Rh1 56. g6 Rh3 57. Kg8 Ke7 58. g7 Rg3 59.
Rxe5+ Kf6 60. Rf5+ Kg6 61. Kf8 Kh7 62. Rh5+ 1-0

[Event "Aurora Fall op"]
[Site "Aurora CAN"]
[Date "2015.10.03"]
[Round "1.4"]
[White "Issani, Nameer"]
[Black "Plotkin, Mark"]
[Result "0-1"]
[WhiteElo "2025"]
[BlackElo "2249"]
[PlyCount "100"]
[EventDate "2015.10.03"]
[EventType "swiss"]
[EventRounds "5"]
[EventCountry "CAN"]

1. d4 Nf6 2. c4 d6 3. Nc3 e5 4. dxe5 dxe5 5. Qxd8+ Kxd8 6. Bg5 Nbd7 7. O-O-O
Be7 8. Nf3 Ke8 9. Nd5 Nxd5 10. cxd5 f6 11. Bd2 Nc5 12. e3 Bf5 13. Bc3 Ne4 14.
Bb5+ Kf7 15. Nh4 Nxc3 16. bxc3 Ba3+ 17. Kd2 Rhd8 18. Nxf5 Rxd5+ 19. Nd4 Rd6 20.
Bc4+ Kf8 21. Kc2 exd4 22. exd4 b5 23. Be2 Rb6 24. Rb1 Rab8 25. Rb3 Bd6 26. h3
a5 27. Rhb1 c6 28. a4 b4 29. c4 c5 30. d5 Be5 31. Bg4 Bd4 32. f4 g6 33. Be6 Bc3
34. g4 Ke7 35. Kd3 Rxe6 36. dxe6 Rd8+ 37. Ke3 Kxe6 38. Rxc3 bxc3 39. Rc1 Rd2
40. Rxc3 Rh2 41. Rc1 Rxh3+ 42. Kd2 Ra3 43. Rb1 Rxa4 44. Kd3 Ra3+ 45. Kd2 Rf3
46. Rb6+ Ke7 47. Rb7+ Kf8 48. Rb8+ Kg7 49. Rb7+ Kh6 50. g5+ fxg5 0-1

[Event "Aurora Fall op"]
[Site "Aurora CAN"]
[Date "2015.10.03"]
[Round "2.3"]
[White "Plotkin, Mark"]
[Black "Maulucci, Anthony"]
[Result "1-0"]
[WhiteElo "2249"]
[BlackElo "1982"]
[PlyCount "49"]
[EventDate "2015.10.03"]
[EventType "swiss"]
[EventRounds "5"]
[EventCountry "CAN"]

1. d4 d5 2. Nd2 Nf6 3. Ngf3 c6 4. c4 e6 5. e3 Nbd7 6. Bd3 Bd6 7. O-O O-O 8. Qe2
b6 9. e4 dxe4 10. Nxe4 Be7 11. Re1 Bb7 12. Neg5 Bb4 13. Rd1 h6 14. a3 hxg5 15.
axb4 g4 16. Ne5 Qe7 17. Bg5 Qxb4 18. Nxg4 Qe7 19. Qf3 Rfe8 20. Re1 a5 21. Qh3
Nf8 22. Re3 Rad8 23. Rf3 N8d7 24. Nxf6+ Nxf6 25. Bxf6 1-0

[Event "Aurora Fall op"]
[Site "Aurora CAN"]
[Date "2015.10.03"]
[Round "3.2"]
[White "Plotkin, Victor"]
[Black "Plotkin, Mark"]
[Result "1/2-1/2"]
[WhiteElo "2406"]
[BlackElo "2249"]
[PlyCount "76"]
[EventDate "2015.10.03"]
[EventType "swiss"]
[EventRounds "5"]
[EventCountry "CAN"]

1. e4 Nc6 2. Nc3 e6 3. d4 d5 4. Nf3 Nf6 5. exd5 Nxd5 6. Ne4 f5 7. Ng3 Bd6 8.
Bg5 Qd7 9. Bc4 f4 10. Ne4 h6 11. Bh4 O-O 12. c3 g5 13. Nfxg5 hxg5 14. Bxg5 Qg7
15. Qf3 Bd7 16. h4 Nxd4 17. cxd4 Bb4+ 18. Nc3 Qxd4 19. Bxd5 Qxd5 20. Qxd5 exd5
21. O-O-O c6 22. a3 Bxc3 23. bxc3 f3 24. g4 Rfe8 25. Be3 Re4 26. g5 Rae8 27.
Rd4 Bf5 28. Kd2 b5 29. h5 a5 30. Rh4 c5 31. Rdxe4 Rxe4 32. Rxe4 dxe4 33. Bxc5
Bg4 34. h6 Kh7 35. Ke3 a4 36. Kxe4 Bh5 37. Kf5 Be8 38. Kf6 Bg6 1/2-1/2

[Event "Aurora Fall op"]
[Site "Aurora CAN"]
[Date "2015.10.04"]
[Round "4.1"]
[White "Chen, Richard"]
[Black "Plotkin, Mark"]
[Result "0-1"]
[WhiteElo "2283"]
[BlackElo "2249"]
[PlyCount "58"]
[EventDate "2015.10.03"]
[EventType "swiss"]
[EventRounds "5"]
[EventCountry "CAN"]

1. e4 Nc6 2. Nf3 e6 3. d3 d5 4. Nbd2 Nf6 5. g3 b6 6. Bg2 dxe4 7. dxe4 Ba6 8. c4
Qd3 9. Qa4 Bb7 10. Ne5 Qd6 11. Nxc6 Bxc6 12. Qc2 O-O-O 13. b3 Ng4 14. Nb1 Qd4
15. Bb2 Bb4+ 16. Kf1 Qe3 17. fxe3 Nxe3+ 18. Ke2 Nxc2 19. Bxg7 Rhg8 20. Bf6 Nxa1
21. Bxa1 Rd7 22. Bf6 Be7 23. Bc3 f5 24. Rf1 Rgd8 25. Rf2 Bc5 26. exf5 Bxg2 27.
Rxg2 exf5 28. Bd2 Re8+ 29. Kf3 Re4 0-1

[Event "Aurora Fall op"]
[Site "Aurora CAN"]
[Date "2015.10.04"]
[Round "5.1"]
[White "Plotkin, Mark"]
[Black "Cai, Jason"]
[Result "1-0"]
[WhiteElo "2249"]
[BlackElo "2144"]
[PlyCount "125"]
[EventDate "2015.10.03"]
[EventType "swiss"]
[EventRounds "5"]
[EventCountry "CAN"]

1. e4 c5 2. Nf3 Nc6 3. d4 cxd4 4. Nxd4 Nf6 5. Nc3 e5 6. Nde2 Bb4 7. a3 Be7 8.
h3 d6 9. g4 Be6 10. Bg2 Rc8 11. Be3 a6 12. O-O O-O 13. Qd2 Na5 14. b3 Qc7 15.
Rfd1 Nd7 16. Rac1 Rfd8 17. Na2 b5 18. Nb4 Nc5 19. Nc3 Nc6 20. Ncd5 Bxd5 21.
Nxd5 Qb7 22. b4 Ne6 23. c3 Bf8 24. Ra1 Ne7 25. a4 Nxd5 26. exd5 Nf4 27. axb5
axb5 28. Ra7 Qb8 29. Bf1 Rc7 30. Rda1 Rxa7 31. Rxa7 h5 32. Ra5 hxg4 33. hxg4
Qc8 34. f3 Ng6 35. Bd3 Nh4 36. Be2 Be7 37. Rxb5 f5 38. Bg5 Qd7 39. gxf5 Nxf5
40. Ra5 Ng3 41. Bxe7 Qxe7 42. Bd3 e4 43. Bxe4 Nxe4 44. fxe4 Qxe4 45. Ra1 Rf8
46. Rf1 Rxf1+ 47. Kxf1 Qf3+ 48. Ke1 Qe4+ 49. Kf2 Qh4+ 50. Kf3 Qh3+ 51. Ke4 Qh7+
52. Kd4 Qh4+ 53. Kd3 Qh1 54. Kc4 Qf1+ 55. Qd3 Qf4+ 56. Kb5 Qf7 57. Kc6 Qe8+ 58.
Kxd6 Qd8+ 59. Kc5 Qc7+ 60. Kd4 Qf4+ 61. Qe4 Qd2+ 62. Kc4 Qa2+ 63. Kb5 1-0

[Event "New York State-ch"]
[Site "Colonie USA"]
[Date "2015.09.05"]
[Round "1"]
[White "Rofrano, Joshua"]
[Black "Plotkin, Mark"]
[Result "0-1"]
[WhiteElo "1964"]
[BlackElo "2089"]
[PlyCount "80"]
[EventDate "2015.09.05"]
[EventType "swiss"]
[EventRounds "6"]
[EventCountry "USA"]
[Source "Chessbase"]
[SourceDate "2015.09.25"]

1. d4 Nf6 2. c4 d6 3. Nf3 Nbd7 4. Nc3 e5 5. e4 Be7 6. Be2 O-O 7. O-O c6 8. Qc2
a6 9. a4 b6 10. Rd1 Qc7 11. h3 Re8 12. Be3 Bf8 13. d5 c5 14. Rdb1 a5 15. Nd2
Be7 16. Nf1 h6 17. Bg4 Ba6 18. Bxd7 Qxd7 19. b3 Kh7 20. g4 Ng8 21. f3 g6 22.
Ng3 Bh4 23. Nce2 Bc8 24. Kg2 Ne7 25. Bf2 Bxg3 26. Nxg3 f5 27. exf5 gxf5 28. Nh5
Ng8 29. Bh4 Qf7 30. Kh2 Kh8 31. Ng3 Ne7 32. Re1 Ng6 33. Qd2 Kh7 34. Nxf5 Bxf5
35. gxf5 Nxh4 36. Qf2 Nxf5 37. Re4 Rg8 38. Rg4 Nd4 39. Rag1 Rxg4 40. Rxg4 Rf8
0-1

[Event "New York State-ch"]
[Site "Colonie USA"]
[Date "2015.09.05"]
[Round "2"]
[White "Plotkin, Mark"]
[Black "Ostrovskiy, Aleksandr"]
[Result "0-1"]
[WhiteElo "2089"]
[BlackElo "2401"]
[PlyCount "84"]
[EventDate "2015.09.05"]
[EventType "swiss"]
[EventRounds "6"]
[EventCountry "USA"]
[Source "Chessbase"]
[SourceDate "2015.09.25"]

1. e4 c6 2. Nc3 d5 3. Nf3 Nf6 4. e5 Ne4 5. d4 c5 6. dxc5 Nxc3 7. bxc3 Nc6 8. h3
e6 9. Bd3 Bxc5 10. O-O h6 11. Bf4 f5 12. g4 g5 13. Bd2 O-O 14. Qe2 b6 15. Rae1
a6 16. h4 fxg4 17. Nxg5 hxg5 18. Bxg5 Be7 19. Bh6 Rf3 20. Kh1 Bc5 21. Bg5 Qf8
22. Rg1 Nxe5 23. h5 Rh3+ 24. Kg2 Qf3+ 25. Kf1 Qxe2+ 26. Rxe2 Nxd3 27. cxd3 Rxh5
28. Rxg4 Ra7 29. Bf6+ Kh7 30. d4 Bd6 31. f4 Rf7 32. Reg2 Bf8 33. Be5 Bd7 34.
Rg8 Rxe5 35. dxe5 Rxf4+ 36. Ke1 Bh6 37. Ra8 Re4+ 38. Kf1 Rf4+ 39. Kg1 Rf7 40.
Rxa6 Be3+ 41. Kh1 Bc6 42. Rh2+ Kg6 0-1

[Event "New York State-ch"]
[Site "Colonie USA"]
[Date "2015.09.06"]
[Round "3"]
[White "Zhang, Eric"]
[Black "Plotkin, Mark"]
[Result "0-1"]
[WhiteElo "1916"]
[BlackElo "2089"]
[PlyCount "66"]
[EventDate "2015.09.05"]
[EventType "swiss"]
[EventRounds "6"]
[EventCountry "USA"]
[Source "Chessbase"]
[SourceDate "2015.09.25"]

1. e4 Nc6 2. Nc3 e6 3. Nge2 d5 4. d4 Nge7 5. e5 Nf5 6. g3 Bb4 7. Bh3 Bxc3+ 8.
bxc3 b6 9. Qd3 Nfe7 10. Nf4 g6 11. Ng2 Nf5 12. Bxf5 exf5 13. O-O h6 14. Qf3 Na5
15. Re1 Be6 16. Ne3 Qd7 17. a4 Qc6 18. Bd2 O-O-O 19. Qe2 Nc4 20. Reb1 g5 21. a5
f4 22. Nxc4 dxc4 23. axb6 axb6 24. Qf1 Rdg8 25. Ra2 h5 26. Rba1 Kd7 27. Qg2 f3
28. Qf1 h4 29. Rd1 Qd5 30. Be3 hxg3 31. fxg3 Rxh2 32. Kxh2 f2 33. g4 Qf3 0-1

[Event "New York State-ch"]
[Site "Colonie USA"]
[Date "2015.09.06"]
[Round "4"]
[White "Plotkin, Mark"]
[Black "Ricardo, Perez Billinghurst"]
[Result "1/2-1/2"]
[WhiteElo "2089"]
[BlackElo "2123"]
[PlyCount "36"]
[EventDate "2015.09.05"]
[EventType "swiss"]
[EventRounds "6"]
[EventCountry "USA"]
[Source "Chessbase"]
[SourceDate "2015.09.25"]

1. d4 Nf6 2. Nf3 g6 3. Nbd2 Bg7 4. e4 O-O 5. e5 Ne8 6. c3 d6 7. exd6 cxd6 8.
Be2 e5 9. O-O Nc6 10. dxe5 dxe5 11. b3 Nd6 12. Ba3 e4 13. Bxd6 Qxd6 14. Nxe4
Qf4 15. Ng3 Bxc3 16. Qc1 Qxc1 17. Raxc1 Bg7 18. Bb5 Nb4 1/2-1/2

[Event "New York State-ch"]
[Site "Colonie USA"]
[Date "2015.09.07"]
[Round "5"]
[White "Treger, Effim"]
[Black "Plotkin, Mark"]
[Result "0-1"]
[WhiteElo "2162"]
[BlackElo "2089"]
[PlyCount "70"]
[EventDate "2015.09.05"]
[EventType "swiss"]
[EventRounds "6"]
[EventCountry "USA"]
[Source "Chessbase"]
[SourceDate "2015.09.25"]

1. e4 Nc6 2. Nf3 e6 3. d4 d5 4. e5 Bd7 5. c3 Nh6 6. h4 f6 7. exf6 gxf6 8. Bxh6
Bxh6 9. Ng5 Ke7 10. Nf3 Be8 11. h5 Rg8 12. Nbd2 Kf8 13. Nb3 b6 14. g3 Qd6 15.
Bd3 Rg7 16. Nh4 Ne7 17. Qf3 Ng8 18. Kf1 c5 19. Rd1 Bc6 20. Nc1 Re8 21. Kg2 Bg5
22. h6 Nxh6 23. Qh5 Ree7 24. Nf3 Ng8 25. Nxg5 Rxg5 26. Qh3 h6 27. Rhf1 e5 28.
Bf5 Reg7 29. Nd3 e4 30. Nc1 Ne7 31. Bc8 f5 32. Ba6 f4 33. Kh1 Bd7 34. Qg2 f3
35. Qh2 Qg6 0-1

[Event "New York State-ch"]
[Site "Colonie USA"]
[Date "2015.09.07"]
[Round "6"]
[White "Rozman, Levy"]
[Black "Plotkin, Mark"]
[Result "1-0"]
[WhiteElo "2262"]
[BlackElo "2089"]
[PlyCount "97"]
[EventDate "2015.09.05"]
[EventType "swiss"]
[EventRounds "6"]
[EventCountry "USA"]
[Source "Chessbase"]
[SourceDate "2015.09.25"]

1. c4 d6 2. Nc3 Nf6 3. g3 g6 4. Bg2 Bg7 5. d3 O-O 6. Rb1 c6 7. e4 Nbd7 8. f4
Qb6 9. Qe2 Ng4 10. Bd2 Bd4 11. Nf3 Ne3 12. Bh3 e5 13. Nxd4 exd4 14. Bxe3 dxe3
15. O-O Qd4 16. Rfe1 Nc5 17. Bf1 Ne6 18. Qxe3 Qxe3+ 19. Rxe3 Nd4 20. Rc1 Be6
21. Bg2 b5 22. Ne2 Nxe2+ 23. Rxe2 Rfd8 24. Kf2 Rab8 25. cxb5 cxb5 26. b3 a5 27.
d4 d5 28. e5 a4 29. b4 Rbc8 30. Rec2 Rc4 31. Rxc4 bxc4 32. a3 h5 33. Bf3 Bg4
34. Bg2 Bf5 35. Ke3 Kf8 36. Kd2 Be6 37. Kc3 Rb8 38. Rb1 Rb5 39. Bf3 Bg4 40. Rf1
Ke7 41. Bxg4 hxg4 42. f5 g5 43. Rh1 Rb8 44. h4 Rh8 45. h5 Kf8 46. h6 f6 47. e6
Ke7 48. h7 Kd6 49. b5 1-0

[Event "Ontario op"]
[Site "Brantford CAN"]
[Date "2015.05.16"]
[Round "1.18"]
[White "Plotkin, Mark"]
[Black "Scott, Harold"]
[Result "0-1"]
[WhiteElo "2246"]
[BlackElo "2021"]
[PlyCount "64"]
[EventDate "2015.05.16"]
[EventType "swiss"]
[EventRounds "6"]
[EventCountry "CAN"]

1. e4 e6 2. d4 d5 3. Nc3 Bb4 4. exd5 exd5 5. Bd3 Nf6 6. Bg5 O-O 7. Nge2 Bg4 8.
f3 Bh5 9. a3 Bxc3+ 10. bxc3 Bg6 11. Bxg6 hxg6 12. h4 Qd7 13. h5 Nh7 14. Bf4 g5
15. Be5 Nc6 16. h6 Nxe5 17. hxg7 Nxf3+ 18. gxf3 Kxg7 19. Qd3 Rh8 20. O-O-O Qd6
21. Rdg1 Rae8 22. f4 Qe6 23. Ng3 Reg8 24. Re1 Qd7 25. fxg5 Nxg5 26. Nh5+ Kf8
27. Nf6 Qa4 28. Nxg8 Rxh1 29. Rxh1 Qxa3+ 30. Kb1 Ne4 31. Rh3 Nf2 32. Qg3 Nd1
0-1

[Event "Ontario op"]
[Site "Brantford CAN"]
[Date "2015.05.16"]
[Round "2.13"]
[White "Bark, Thomas"]
[Black "Plotkin, Mark"]
[Result "1/2-1/2"]
[WhiteElo "1996"]
[BlackElo "2246"]
[PlyCount "103"]
[EventDate "2015.05.16"]
[EventType "swiss"]
[EventRounds "6"]
[EventCountry "CAN"]

1. e4 c5 2. Nf3 e6 3. d4 cxd4 4. Nxd4 Nf6 5. Nc3 Bb4 6. e5 Nd5 7. Qg4 O-O 8.
Bh6 g6 9. Bxf8 Qxf8 10. Nde2 Nc6 11. Qg3 Qc5 12. a3 Ba5 13. h4 h5 14. b4 Ncxb4
15. axb4 Bxb4 16. Rh3 b6 17. Kd1 a5 18. Ne4 Qc4 19. Qd3 Qc7 20. Nf6+ Nxf6 21.
exf6 Ba6 22. Qe4 d5 23. Qe3 d4 24. Qe4 Bb7 25. Qd3 e5 26. Ng3 e4 27. Nxe4 Qf4
28. f3 Ba6 29. Qxa6 Rxa6 30. Bxa6 Qe3 31. Rh1 Kf8 32. Rb1 Ke8 33. Rb3 Qf4 34.
Rd3 Qe5 35. c3 Bxc3 36. Nxc3 Qxf6 37. Re1+ Kf8 38. Ne4 Qxh4 39. Rxd4 Qh2 40.
Nd6 Qxg2 41. Rf4 f5 42. Nxf5 Qg5 43. Ree4 gxf5 44. Bc8 Qd8+ 45. Rd4 Qxc8 46.
Rd5 Kg7 47. Rfxf5 h4 48. Rh5 h3 49. Rdg5+ Kf6 50. Rb5 Qd8+ 51. Rbd5 Qa8 52.
Rhf5+ 1/2-1/2

[Event "Ontario op"]
[Site "Brantford CAN"]
[Date "2015.05.18"]
[Round "6.10"]
[White "Hua, Eugene"]
[Black "Plotkin, Mark"]
[Result "0-1"]
[WhiteElo "2068"]
[BlackElo "2246"]
[PlyCount "124"]
[EventDate "2015.05.16"]
[EventType "swiss"]
[EventRounds "6"]
[EventCountry "CAN"]

1. c4 Nf6 2. g3 g6 3. Bg2 d5 4. Nf3 Bg7 5. O-O O-O 6. cxd5 Nxd5 7. Nc3 Nc6 8.
Qb3 Nb6 9. d3 e5 10. Bg5 Qd7 11. Ne4 Kh8 12. Bf6 Bxf6 13. Nxf6 Qe6 14. Qxe6
Bxe6 15. Ng5 Nd4 16. e3 Nb5 17. Nxe6 fxe6 18. Ne4 Nd7 19. a4 Nd6 20. Nxd6 cxd6
21. b4 Rf7 22. a5 d5 23. Rac1 Kg7 24. Rc7 Nf6 25. Rfc1 Rd8 26. b5 Rxc7 27.
Rxc7+ Rd7 28. b6 axb6 29. axb6 Kf7 30. d4 exd4 31. exd4 Ke7 32. Rc2 Ne8 33. f4
Rd6 34. Re2 Kd7 35. g4 Rxb6 36. f5 exf5 37. gxf5 Nc7 38. Re5 Rd6 39. Bh3 Kc6
40. Kf2 gxf5 41. Bxf5 h6 42. Ke3 Rd8 43. Bc2 b5 44. Rh5 Rd6 45. Kf4 Ne6+ 46.
Ke3 Ng7 47. Re5 Re6 48. Rxe6+ Nxe6 49. h4 Kd6 50. Bb3 Nd8 51. Kd3 Nc6 52. Kc3
b4+ 53. Kd3 Ne7 54. h5 Ke6 55. Bd1 Kf5 56. Bf3 Kf4 57. Be2 Ng8 58. Bd1 Nf6 59.
Be2 Ne4 60. Bf1 b3 61. Be2 b2 62. Kc2 b1=Q+ 0-1

[Event "WTch-U16"]
[Site "Gyor HUN"]
[Date "2014.12.13"]
[Round "1.4"]
[White "Vetoshko, Volodymyr"]
[Black "Plotkin, Mark"]
[Result "0-1"]
[WhiteElo "2424"]
[BlackElo "2128"]
[PlyCount "64"]
[EventDate "2014.12.13"]
[EventType "team"]
[EventRounds "10"]
[EventCountry "HUN"]
[Source "Mark Crowther"]
[SourceDate "2014.12.15"]
[WhiteTeam "Ukraine"]
[BlackTeam "Canada 2"]
[WhiteTeamCountry "UKR"]

1. d4 Nf6 2. Nf3 e6 3. c4 c6 4. g3 d5 5. Bg2 Be7 6. O-O O-O 7. Qc2 Nbd7 8. Rd1
b6 9. Bf4 Bb7 10. Nc3 dxc4 11. Nd2 Nd5 12. Nxc4 b5 13. Ne5 Nxe5 14. dxe5 Qb6
15. Nxd5 cxd5 16. Be3 Qa5 17. a3 Rfc8 18. Qd3 Rc4 19. Bd4 Rac8 20. e3 a6 21. f4
g6 22. g4 Qc7 23. f5 Bc5 24. f6 h6 25. Rd2 b4 26. Rf1 Qb6 27. Rf3 a5 28. axb4
axb4 29. Bf1 Ba6 30. Bxc5 R8xc5 31. Kf2 b3 32. Be2 Rc2 0-1

[Event "WTch-U16"]
[Site "Gyor HUN"]
[Date "2014.12.14"]
[Round "2.18"]
[White "Plotkin, Mark"]
[Black "Csuta, Akos Koppany"]
[Result "1/2-1/2"]
[WhiteElo "2128"]
[BlackElo "2027"]
[PlyCount "76"]
[EventDate "2014.12.13"]
[EventType "team"]
[EventRounds "10"]
[EventCountry "HUN"]
[Source "Mark Crowther"]
[SourceDate "2014.12.15"]
[WhiteTeam "Canada 2"]
[BlackTeam "Györ (Hungary)"]

1. e4 c5 2. c3 g6 3. d4 cxd4 4. cxd4 d5 5. exd5 Nf6 6. Nf3 Nxd5 7. Nc3 Bg7 8.
Be2 O-O 9. O-O Nc6 10. Be3 e5 11. Nxd5 Qxd5 12. dxe5 Qe6 13. Qa4 Nxe5 14. Nxe5
Bxe5 15. Bf3 Bd7 16. Qb3 Qxb3 17. axb3 Bc6 18. Bxc6 bxc6 19. Rxa7 Rxa7 20. Bxa7
Ra8 21. Bc5 Bxb2 22. g3 Ra1 23. Rxa1 Bxa1 24. f3 f5 25. Kf2 Kf7 26. Ke3 Ke6 27.
Bd4 Bxd4+ 28. Kxd4 Kd6 29. b4 g5 30. h3 h5 31. g4 hxg4 32. hxg4 fxg4 33. fxg4
Ke6 34. Ke4 Kf6 35. Kd4 Ke6 36. Kc5 Kd7 37. Kc4 Ke6 38. Kd4 Kd6 1/2-1/2